ORAL PATHOLOGY,CLINICAL PATHOLOGIC CORRELATIONS. (Record no. 9857)

MARC details
000 -LEADER
fixed length control field 00362nam a22001457a 4500
020 ## - INTERNATIONAL STANDARD BOOK NUMBER
International Standard Book Number 978-81-312-3281-1
082 ## - DEWEY DECIMAL CLASSIFICATION NUMBER
Classification number 616.0707,O13R
100 ## - MAIN ENTRY--PERSONAL NAME
Personal name REGEZI,JOSEPH.A
245 ## - TITLE STATEMENT
Title ORAL PATHOLOGY,CLINICAL PATHOLOGIC CORRELATIONS.
250 ## - EDITION STATEMENT
Edition statement 6TH
260 ## - PUBLICATION, DISTRIBUTION, ETC. (IMPRINT)
Place of publication, distribution, etc NEW DELHI
Name of publisher, distributor, etc JAYPEE BROTHERS
Year of Publication 2013
300 ## - PAGE DESCRIPTION
No. of Pages 407
650 ## - SUBJECT ADDED ENTRY--TOPICAL TERM
Topical term or geographic name as entry element ORAL PATHOLOGY
942 ## - ADDED ENTRY ELEMENTS (KOHA)
Source of classification or shelving scheme Dewey Decimal Classification
Koha item type Books
942 ## - ADDED ENTRY ELEMENTS (KOHA)
-- 2
Holdings
Withdrawn status Lost status Source of classification or shelving scheme Damaged status Not for loan Home library Current library Shelving location Date acquired Vendor Name Cost, normal purchase price SGTU Bill Number Total Checkouts Full call number Accession No. (Barcode) Date last seen Date last borrowed Bill Date Koha item type
    Dewey Decimal Classification     SGT Dental Library SGT Dental Library Reference Book 05/09/2016 ABC 1945.00 SGTU 6923 4 616.0707,O13R FD7403 03/01/2025 17/12/2024   Books
    Dewey Decimal Classification     SGT Dental Library SGT Dental Library Reference Book 05/09/2016 ABC 1945.00 SGTU 6923   616.0707,O13R FD7404 05/09/2016     Books